000 00322nam a2200133Ia 4500
008 240624s9999 xx 000 0 und d
041 _aeng
082 _a891.43 NAS
100 _aNASRIN TASLIMA
245 _aVE ANDHERE DIN
260 _c2004
_aNew Delhi
_bVani Prakashan
300 _a465 : p. : cm. ; 21
365 _cRS
_b20
999 _c8064
_d8064